000 00503nam a2200205Ia 4500
005 20250923150315.0
008 008 250917s9999 xx 000 0 eng d
037 _aTextual
040 _aDSWL
_beng
_cDSWL
041 _aeng
_2eng
084 _qDSWL
100 _aRavi Ranjan S
_9844517
245 0 _aModernizing nature
_cby S Ravi Ranjan
260 _aDelhi
_bOrient Longman
_c2006
300 _a286p.
365 _aINR
_b495
925 _g495
942 _cTEXL
999 _c1461967
_d1461967